00369nam a22001217a 4500020001500000082001700015100001500032245006100047250000600108260005500114300000800169650007000177 a8185860181 a589.2 QUI/TE aT H QUIMIO aTechnical Guidelines For Mushroom Growing In The Tropics aI aLucknowbInternational Book Distributing Co.c1990 a155 aintroductionabiology of the mushroomafood value and consumption